000 01106nam0a22002291 4500
001 rc\3972065
005 20250610222527.0
035 _a(NLR Aleph) 007931890
090 _a8223779
_c8223779
100 _a20130415d1955 |||y0rusy50 ca
101 0 _arus
102 _aRU
105 _aa z |||||
200 1 _a[Информационное письмо] по вопросам сварки
_fСост. по информ. письмам Ин-та электросварки им. акад. Е.О. Патона Акад. наук Украинской ССР за 1953 г. (№ 3 и № 6), 1954 г. (№ 15 и № 16) и 1955 г. (№ 5)
210 _aМосква
_cБ. и.
_d1955
215 _a12 с., 1 л. ил.
_cил.
_d20
225 1 _aСССР. Министерство строительства. Главсантехмонтаж. Проектно-конструкторская контора "Сантехмонтажпроект". Информационное письмо
_v№ 13
801 0 _aRU
_bNLR
_gpsbo
801 1 _aRU
_bELAR
_2rusmarc
852 _aNLR
_jП10/1330
942 _cBOOK
980 _aNB